<?xml version="1.0" encoding="UTF-8"?>
<record
    xmlns:xsi="http://www.w3.org/2001/XMLSchema-instance"
    xsi:schemaLocation="http://www.loc.gov/MARC21/slim http://www.loc.gov/standards/marcxml/schema/MARC21slim.xsd"
    xmlns="http://www.loc.gov/MARC21/slim">

  <leader>01579nam a2200313   4500</leader>
  <controlfield tag="001">0001529998</controlfield>
  <controlfield tag="003">DO-SdBNP</controlfield>
  <controlfield tag="005">20221102114708.0</controlfield>
  <controlfield tag="007">0001529998</controlfield>
  <controlfield tag="008">000517s2002    sp | ||| ||spa  </controlfield>
  <datafield tag="016" ind1="7" ind2=" ">
    <subfield code="a"> </subfield>
    <subfield code="2"> </subfield>
  </datafield>
  <datafield tag="017" ind1=" " ind2=" ">
    <subfield code="a"> </subfield>
    <subfield code="b"> </subfield>
  </datafield>
  <datafield tag="020" ind1=" " ind2=" ">
    <subfield code="a">8477206236</subfield>
  </datafield>
  <datafield tag="040" ind1=" " ind2=" ">
    <subfield code="a">BPMSU</subfield>
    <subfield code="b">spa</subfield>
    <subfield code="c">BPMSU</subfield>
    <subfield code="e"> </subfield>
  </datafield>
  <datafield tag="082" ind1=" " ind2="4">
    <subfield code="a">863.5</subfield>
    <subfield code="b">G732p 2002</subfield>
    <subfield code="2">22</subfield>
  </datafield>
  <datafield tag="100" ind1="1" ind2=" ">
    <subfield code="a">Grad, Marcia</subfield>
  </datafield>
  <datafield tag="245" ind1="1" ind2="3">
    <subfield code="a">La princesa que cre&#xED;a en los cuentos de hadas /</subfield>
    <subfield code="c">Marcia Grad ; traducci&#xF3;n del ingl&#xE9;s, Elena Lamp&#xE9;rez S&#xE1;nchez</subfield>
    <subfield code="h"> </subfield>
  </datafield>
  <datafield tag="250" ind1=" " ind2=" ">
    <subfield code="a">30a. ed. </subfield>
  </datafield>
  <datafield tag="260" ind1=" " ind2=" ">
    <subfield code="a">Barcelona :</subfield>
    <subfield code="b">Obelisco,</subfield>
    <subfield code="c">2002</subfield>
  </datafield>
  <datafield tag="300" ind1=" " ind2=" ">
    <subfield code="a">221 p.:</subfield>
    <subfield code="c">21 cm. </subfield>
  </datafield>
  <datafield tag="490" ind1="0" ind2=" ">
    <subfield code="a"> Colecci&#xF3;n Obelisco Narrativa.</subfield>
  </datafield>
  <datafield tag="505" ind1="0" ind2=" ">
    <subfield code="a"> Alg&#xFA;n d&#xED;a llegar&#xE1; mi pr&#xED;ncipe 5 -- La princesita y el C&#xF3;digo Real 11 -- M&#xE1;s all&#xE1; de los jardines de Palacio 23 -- II. -- El pr&#xED;ncipe azul llega al rescate 31 -- El Dr. Risitas y el Sr. Escondido 43 -- Siempre se aplasta la rosa m&#xE1;s hermosa 53 -- Un acuerdo de la mente y el coraz&#xF3;n 69 -- Hacer o no hacer... 77 -- Una gu&#xED;a para vivir feliz 85 -- III. -- El camino de la verdad 97 -- El mar de la emoci&#xF3;n 109 -- La tierra de la ilusi&#xF3;n 127 -- El campamento de los viajeros perdidos 139 -- El pa&#xED;s de Es 157 -- Viaje a un lugar llamado memoria 169 -- El valle de la perfecci&#xF3;n 181 -- IV. -- El templo de la verdad 191 -- El pergamino 199</subfield>
  </datafield>
  <datafield tag="534" ind1=" " ind2=" ">
    <subfield code="a">T&#xED;tulo original : </subfield>
    <subfield code="t">The princess who believed in fairy tales</subfield>
  </datafield>
  <datafield tag="650" ind1=" " ind2="4">
    <subfield code="a">Novela espa&#xF1;ola </subfield>
  </datafield>
  <datafield tag="650" ind1=" " ind2="4">
    <subfield code="a">Literatura espa&#xF1;ola </subfield>
  </datafield>
  <datafield tag="700" ind1="1" ind2=" ">
    <subfield code="a"> Lamp&#xE9;rez S&#xE1;nchez, Elena</subfield>
    <subfield code="e">tr. </subfield>
  </datafield>
  <datafield tag="910" ind1=" " ind2=" ">
    <subfield code="a">VMateo V. /Validado </subfield>
  </datafield>
  <datafield tag="942" ind1=" " ind2=" ">
    <subfield code="2">ddc</subfield>
    <subfield code="c">BK</subfield>
  </datafield>
  <datafield tag="952" ind1=" " ind2=" ">
    <subfield code="0">0</subfield>
    <subfield code="1">0</subfield>
    <subfield code="2">ddc</subfield>
    <subfield code="4">0</subfield>
    <subfield code="7">0</subfield>
    <subfield code="8">CJ-G</subfield>
    <subfield code="a">BPMET</subfield>
    <subfield code="b">BPMET</subfield>
    <subfield code="d">2015-12-17</subfield>
    <subfield code="e">FUNDI</subfield>
    <subfield code="o">BPMSU CG 863.5 G732p 2002</subfield>
    <subfield code="p">BPMSU15120178</subfield>
    <subfield code="r">2015-12-17</subfield>
    <subfield code="w">2015-12-17</subfield>
    <subfield code="y">BK</subfield>
  </datafield>
  <datafield tag="952" ind1=" " ind2=" ">
    <subfield code="0">0</subfield>
    <subfield code="1">0</subfield>
    <subfield code="2">ddc</subfield>
    <subfield code="4">0</subfield>
    <subfield code="7">0</subfield>
    <subfield code="8">CJ-G</subfield>
    <subfield code="a">BPMET</subfield>
    <subfield code="b">BPMET</subfield>
    <subfield code="d">2016-08-01</subfield>
    <subfield code="e">FUNDI</subfield>
    <subfield code="o">BPMSU CG 863.5 G732p 2002</subfield>
    <subfield code="p">BPMSU18020019</subfield>
    <subfield code="r">2016-08-01</subfield>
    <subfield code="t">e.2</subfield>
    <subfield code="w">2016-08-01</subfield>
    <subfield code="y">BK</subfield>
  </datafield>
  <datafield tag="999" ind1=" " ind2=" ">
    <subfield code="c">9139</subfield>
    <subfield code="d">9139</subfield>
  </datafield>
</record>
